| 000 | 01416nam a2200337 a 4500 | ||
|---|---|---|---|
| 001 | ebr5000417 | ||
| 003 | CaPaEBR | ||
| 006 | m u | ||
| 007 | cr cn||||||||| | ||
| 008 | 001201s2000 si af sb 000 0beng | ||
| 010 | _z 00365264 | ||
| 020 | _z9810244126 | ||
| 037 |
_bLibrary of Congress -- Jakarta Overseas Office _cS[dollar]29.95 |
||
| 035 | _a(OCoLC)70769077 | ||
| 040 |
_aCaPaEBR _cCaPaEBR |
||
| 050 | 1 | 4 |
_aDS33.4.A8 _bK64 2000eb |
| 082 | 0 | 4 |
_a327.504 _221 |
| 100 | 1 |
_aKoh, Tommy T. B. _q(Tommy Thong Bee), _d1937- |
|
| 245 | 1 | 0 |
_aAsia and Europe _h[electronic resource] : _bessays and speeches / _cby Tommy Koh, edited by Yeo Lay Hwee, Asad Latif. |
| 260 |
_aSingapore ; _aRiver Edge, NJ : _bWorld Scientific Pub. : _bAsia-Europe Foundation, _cc2000. |
||
| 300 |
_axx, 173 p., [20] p. of plates : _bill. (some col.). |
||
| 504 | _aIncludes bibliographical references. | ||
| 533 |
_aElectronic reproduction. _bPalo Alto, Calif. : _cebrary, _d2013. _nAvailable via World Wide Web. _nAccess may be limited to ebrary affiliated libraries. |
||
| 651 | 0 |
_aAsia _xForeign relations _zEurope. |
|
| 651 | 0 |
_aEurope _xForeign relations _zAsia. |
|
| 655 | 7 |
_aElectronic books. _2local |
|
| 700 | 1 | _aYeo, Lay Hwee. | |
| 700 | 0 | _aAsad Latif. | |
| 710 | 2 | _aebrary, Inc. | |
| 856 | 4 | 0 |
_uhttp://site.ebrary.com/lib/rucke/Doc?id=5000417 _zAn electronic book accessible through the World Wide Web; click to view |
| 999 |
_c2800 _d2800 |
||